000 00512nam a2200193 a 4500
001 3822
005 20140414131927.0
008 061014s19uu xx 00 eng d
020 _a0-7214-1567-9
050 _aER
_bR82 1993
245 _aRumpelstiltskin /
_cillustrated by Martin Aitchison.
260 _aLeicerstershire, UK :
_bLadybird Books,
_c1993.
300 _ap. ; cm.
440 _aFavourite tales
650 _aElf
_xfiction.
650 _aChildren stories.
999 _c112068
_d112068